000
00192 a2200097 4500
020
_a
9789507715785
041
_a
spa
100
_a
Erbiti, Alejandra
245
_a
Rimas con alegria
942
_c
BK
999
_c
30902
_d
30900